000 00918nam a2200253 i 4500
001 187014
003 SpMaBN
005 20251009195351.0
008 170329s1994 sp c |||| | spa d
020 _a84-7719-403-3
080 _a576.89(460)
100 1 _aCordero del Campillo, Miguel.
_940521
245 1 0 _aÍndice-catálogo de zooparásitos ibéricos /
_cMiguel Cordero del Campillo, Luciano Castañón Ordóñez, Antonio Reguera Feo.
250 _a2ª ed.
260 _aLeón :
_bUniversidad, Secretariado de Publicaciones,
_c1994.
300 _a650 p. :
_b1 mapa ;
_c24 cm.
504 _aReferencias bibliográficas.
650 7 _aParásitos-
_zPenínsula Ibérica-
_xClasificación.
_9162219
700 1 _aCastañón Ordóñez, Luciano.
_9162220
700 1 _aReguera Feo, Antonio,
_d1954-
_9162221
710 2 _aUniversidad de León.
_97200
852 _aES-MaACL
_jL-31333
999 _c187014
_d187014